00551 2200193 4500001002100000005001500021035002000036007000300056008004100059020002200100082000800122084001300130100002700143245007700170250001100247260004800258300002800306700002300334INLIS00000000000054820210401080805 a0010-0421000001ta210401 g f ind  a978-602-06-3842-3 a860 a8 GAB s0 aGabriel Garcia Marquez1 aStrange Pilgrims :bPara Peziarah yang Janggal /cGabriel Garcia Marquez aCet. 1 aJakarta :bPT Gramedia Pustaka Utama,c2020 a192 hlm ;c13,5 x 20 cm0 aAriyanti E. Tarman